Taxonomy Classification System - Statistics

General Stats
  • This quiz has been taken 237 times
  • The average score is 8 of 8
Answer Stats
Hint Answer % Correct
S Species
99%
G Genus
97%
F Family
96%
K Kingdom
96%
O Order
95%
P Phylum
93%
C Class
92%
D Domain
89%
No matching quizzes found
Score Distribution
Percent of People with Each Score
Percentile by Number Answered
Your Score History
You have not taken this quiz